Normal view
MARC view
- Cherian, Koshy
Entry Personal Name
001 - CONTROL NUMBER
- control field: 6192
003 - CONTROL NUMBER IDENTIFIER
- control field: OSt
005 - DATE AND TIME OF LATEST TRANSACTION
- control field: 20240508153744.0
008 - FIXED-LENGTH DATA ELEMENTS
- fixed length control field: 240508|| aca||aabn | a|a d
040 ## - CATALOGING SOURCE
- Original cataloging agency: OSt
- Transcribing agency: OSt
100 ## - HEADING--PERSONAL NAME
- Personal name: Cherian, Koshy
670 ## - SOURCE DATA FOUND
- Source citation: Work cat.: (OSt)18083: Cherian, Koshy, Sasyaparisthithi vinjanam, 1972.
